Percussion anthology : (Record no. 28251)

000 -LEADER
fixed length control field 01063nam a2200289 a 4500
001 - CONTROL NUMBER
control field 3993196
005 - DATE AND TIME OF LATEST TRANSACTION
control field 20170223162640.0
008 - FIXED-LENGTH DATA ELEMENTS--GENERAL INFORMATION
fixed length control field 951218s1995 iluag b 001 0 eng
010 ## - LIBRARY OF CONGRESS CONTROL NUMBER
LC control number 95235320
040 ## - CATALOGING SOURCE
Original cataloging agency DLC
Transcribing agency DLC
050 00 - LIBRARY OF CONGRESS CALL NUMBER
Classification number MT 655 .P47 1995
245 00 - TITLE STATEMENT
Title Percussion anthology :
Remainder of title a compendium of articles from the Instrumentalist.
250 ## - EDITION STATEMENT
Edition statement 4th ed., articles from 1946 through 1995.
260 ## - PUBLICATION, DISTRIBUTION, ETC. (IMPRINT)
Place of publication, distribution, etc. Northfield, Ill. (200 Northfield Rd., Northfield) :
Name of publisher, distributor, etc. Instrumentalist Co.,
Date of publication, distribution, etc. c1995.
300 ## - PHYSICAL DESCRIPTION
Extent 809 p. :
Other physical details ill., music ;
Dimensions 30 cm.
490 1# - SERIES STATEMENT
Series statement Anthology series ;
Volume/sequential designation v. 4
500 ## - GENERAL NOTE
General note "Fifth edition"--Introd.
504 ## - BIBLIOGRAPHY, ETC. NOTE
Bibliography, etc Includes bibliographies and indexes.
650 #0 - SUBJECT ADDED ENTRY--TOPICAL TERM
Topical term or geographic name as entry element Percussion instruments
General subdivision Instruction and study.
730 0# - ADDED ENTRY--UNIFORM TITLE
Uniform title Instrumentalist.
942 ## - ADDED ENTRY ELEMENTS (KOHA)
Source of classification or shelving scheme
Koha item type Hard Covered Materials
Classification part MT 655 .P47 1995
Holdings
Withdrawn status Lost status Source of classification or shelving scheme Damaged status Not for loan Home library Current library Shelving location Date acquired Source of acquisition Total Checkouts Full call number Barcode Date last seen Price effective from Koha item type
          MACHAKOS UNIVERSITY LIBRARY MACHAKOS UNIVERSITY LIBRARY Technical section 23/02/2017 Donation (B.F.A)   MT 655 .P47 1995 35988 16/07/2018 23/02/2017 Hard Covered Materials
© Machakos University Library, Along The Highway, Machakos Wote Rd, Machakos, Kenya P.O. Box 136 - 90100 Machakos - Kenya

Tel: ( +254 ) 723 805829 OR Fax : 044-20353 OR Email: library@mksu.ac.ke